| 000 | 00963cad a22002055a 4500 | ||
|---|---|---|---|
| 001 | E150714 | ||
| 008 | 100823s2010 xxk f 000 0 eng d | ||
| 035 | _a(Sirsi) u150714 | ||
| 041 | 0 | _aeng | |
| 110 | 2 |
_aUnited Kingdom _bDepartment for Business, Innovation and Skills _95760 |
|
| 245 | 0 | 0 |
_aMeeting the low carbon skills challenge _h[electronic resource] |
| 260 |
_aLondon _bDepartment of Energy and Climate Change _c2010 |
||
| 520 | _aSeeks views on proposed actions to spread good practice in low carbon skills development. Deadline for comments is 23 June 2010. | ||
| 590 | _aKA | ||
| 651 | 4 |
_aEngland _y886- |
|
| 690 | _aENVIRONMENTAL AND LAND CONSULTANCY-ENERGY-ENERGY USE-ENERGY EFFICIENCY | ||
| 710 | 1 |
_aUnited Kingdom _bDepartment of Energy and Climate Change _95850 |
|
| 856 | 4 | 0 |
_uhttps://www.bis.gov.uk/assets/biscore/corporate/docs/l/10-849-low-carbon-skills-consultation.pdf _zView the consultation free of charge at www.bis.gov.uk |
| 942 | _n0 | ||
| 999 |
_c110954 _d110954 |
||